000 00573nam a2200181Ia 4500
005 20250923145825.0
008 008 250917s9999 xx 000 0 eng d
037 _aTextual
040 _aDSWL
_beng
_cDSWL
041 _aeng
_2eng
084 _qDSWL
100 _aJose, P.J.
_9839303
245 2 _aA comparative study on the psycho-social intellectual and voctional dimensions of the resident and non-resident mantally deficient
_cby P.J. Jose
260 _aDelhi
_bDeptt. of Social Work
_c1988
300 _ax,385p.
942 _cTEXL
999 _c1456141
_d1456141